| 000 | 00000nam 2200000zi 4500 |
| 001 | 9.893121 |
| 003 | CaOODSP |
| 005 | 20230503151503 |
| 006 | m o d f |
| 007 | cr |n||||||||| |
| 008 | 201102e201902##onc|||| o f00| 0|eng d |
| 040 | |aCaOODSP|beng|erda|cCaOODSP |
| 043 | |an-cn--- |
| 086 | 1 |aIu64-206/2019E-PDF |
| 245 | 00|aTechnical requirements for remote rural broadband systems (RRBS) operating in the band 512-608 MHz (TV channels 21-36). |
| 264 | 1|a[Ottawa] : |bInnovation, Science and Economic Development Canada = Innovation, sciences et développement économique Canada, |cFebruary 2019. |
| 300 | |a1 online resource (ii, 18 pages) |
| 336 | |atext|btxt|2rdacontent |
| 337 | |acomputer|bc|2rdamedia |
| 338 | |aonline resource|bcr|2rdacarrier |
| 500 | |aDigitized edition from print [produced by Innovation, Science and Economic Development Canada]. |
| 500 | |aIssued also in French under title: Prescriptions techniques relatives aux systèmes à large bande en régions rurales et éloignées (SLBRRE) fonctionnant dans la bande 512-608 MHz (canaux de télévision 21 à 36). |
| 500 | |a"SRSP-300.512, Issue 2." |
| 650 | 6|aRadio|zCanada|xEquipment and supplies. |
| 650 | 0|aRadio|xTransmitters and transmission. |
| 650 | 0|aRadio frequency allocation|zCanada. |
| 650 | 0|aCommunication in rural development|zCanada. |
| 710 | 1 |aCanada. |bInnovation, Science and Economic Development Canada, |eissuing body. |
| 775 | 08|tPrescriptions techniques relatives aux systèmes à large bande en régions rurales et éloignées (SLBRRE) fonctionnant dans la bande 512-608 MHz (canaux de télévision 21 à 36).|w(CaOODSP)9.922240 |
| 856 | 40|qPDF|s375 KB|uhttps://publications.gc.ca/collections/collection_2023/isde-ised/iu64/Iu64-206-2019-eng.pdf |